| 000 | 00440nam a2200169Ia 4500 | ||
|---|---|---|---|
| 008 | 230725s2005 xx 000 0 und d | ||
| 041 | _aeng | ||
| 082 | _bSET | ||
| 100 | _aSETHI P. D. | ||
| 245 | _aQUANTATIVE ANALYASIS OF DRUG IN PHARMACEUTICAL FORMULATION | ||
| 260 |
_bCBS PUBLICATION & DISTRIBUTORS _c2005 |
||
| 300 | _a643 | ||
| 365 | _h20 | ||
| 500 | _aTEXT BOOK | ||
| 501 | _aPQA | ||
| 650 | _aPHARMACEUTICAL QUALITY ASSURANCE | ||
| 999 |
_c755001 _d755001 |
||